000 00478nam a2200229Ia 4500
003 IT-RoPAU
008 120407s9999 xx 000 0 und d
040 _aIT-RoPAU
040 _cIT-RoPAU
041 _aita
100 _aRoger Troisfontaines
100 _cs.j.
245 _aNon MorrĂ²....
250 _aRoma
260 _aEdizioni Paoline
260 _c1963
300 _c cm
490 _aOrientamenti, 2a. serie
490 _v1
942 _cBK
999 _c13953
_d13953